|
|
|
|
| LEADER |
00694nta a2200181 i 4500 |
| 001 |
dipl87014 |
| 005 |
20200522070852.0 |
| 008 |
200522s2019 hu om 0|| zxx d |
| 040 |
|
|
|a SZTE Diploma Repozitórium
|b hun
|
| 041 |
|
|
|a zxx
|
| 100 |
1 |
|
|a Szenek Fanni
|
| 245 |
1 |
2 |
|a A terméktér módszerének alkalmazása regionális szinten
|h [elektronikus dokumentum] /
|c Fanni Szenek
|
| 246 |
1 |
0 |
|a Applying the method of the product space at a regional level
|h [elektronikus dokumentum]
|
| 260 |
|
|
|c 2019
|
| 650 |
|
4 |
|a Gazdaságtudományok
|
| 650 |
|
4 |
|a Economics and business
|
| 700 |
1 |
|
|a Elekes Zoltán
|e ths
|
| 856 |
4 |
0 |
|u http://diploma.bibl.u-szeged.hu/id/eprint/87014/1/2019_szenek_fanni.pdf
|z Dokumentum-elérés
|